Media and Sustainable Development (Record no. 3129)

MARC details
000 -LEADER
fixed length control field 01050nam a2200301 a 4500
001 - CONTROL NUMBER
control field 3540929
003 - CONTROL NUMBER IDENTIFIER
control field OSt
005 - DATE AND TIME OF LATEST TRANSACTION
control field 20251112153849.0
008 - FIXED-LENGTH DATA ELEMENTS--GENERAL INFORMATION
fixed length control field 960720s1995 ke a b 001 0 eng
010 ## - LIBRARY OF CONGRESS CONTROL NUMBER
LC control number 96980256
020 ## - INTERNATIONAL STANDARD BOOK NUMBER
International Standard Book Number 9966450122
040 ## - CATALOGING SOURCE
Original cataloging agency DLC
Transcribing agency DLC
042 ## - AUTHENTICATION CODE
Authentication code lcode
043 ## - GEOGRAPHIC AREA CODE
Geographic area code f------
050 00 - LIBRARY OF CONGRESS CALL NUMBER
Classification number HC800.Z9
Item number E548 1995
082 ## - DEWEY DECIMAL CLASSIFICATION NUMBER
Classification number 384 MED 1995
100 ## - MAIN ENTRY--PERSONAL NAME
Personal name Edited by Okigbo, Charles.
9 (RLIN) 19519
245 00 - TITLE STATEMENT
Title Media and Sustainable Development
260 ## - PUBLICATION, DISTRIBUTION, ETC. (IMPRINT)
Place of publication, distribution, etc. Nairobi;
Name of publisher, distributor, etc. African Council for Communication Education,
Date of publication, distribution, etc. 1995.
300 ## - PHYSICAL DESCRIPTION
Extent vi, 506 p. :
Other physical details ill. ;
Dimensions 25 cm.
500 ## - GENERAL NOTE
General note "This book is the product of the 9th Biennial Conference of the African Council for Communication Education ..."--Introd.
504 ## - BIBLIOGRAPHY, ETC. NOTE
Bibliography, etc Includes bibliographical references and index.
650 #0 - SUBJECT ADDED ENTRY--TOPICAL TERM
Topical term or geographic name as entry element Communication channels
9 (RLIN) 6955
650 #0 - SUBJECT ADDED ENTRY--TOPICAL TERM
Topical term or geographic name as entry element Economic development
9 (RLIN) 521
906 ## - LOCAL DATA ELEMENT F, LDF (RLIN)
a 7
b cbc
c origode
d 3
e ncip
f 19
g y-gencatlg
942 ## - ADDED ENTRY ELEMENTS (KOHA)
Source of classification or shelving scheme Dewey Decimal Classification
Koha item type Short Loan
Holdings
Withdrawn status Lost status Source of classification or shelving scheme Damaged status Not for loan Home library Current library Date acquired Source of acquisition Inventory number Total Checkouts Full call number Barcode Date last seen Koha item type
    Dewey Decimal Classification     MUST Main Library MUST Main Library 01/03/2016 Purchase 99/13355   384 MED 1995 2016-0292 01/03/2016 Open Shelf